000 01035nas a2200325 4500
001 BR2013010634
003 BR-BrBNA
005 20231205123457.0
007 ta
008 230509b bl.|||p| |||| 00| 00por d
040 _aBR-BrBNA
_bpor
_cBiblioteca Nacional de Agricultura
041 _a(Pt)
072 _aL73
100 1 _aPrazeres, R.F.
100 1 _aFecchio, R.S.
100 1 _aBiasi, C.
100 1 _aSouza, P.C.
100 1 _aGioso, M.A.
100 1 _aPachaly, J.R.
245 1 _aPólipo fibroepitelial em uma iguana (Iguana iguana Linnaeus, 1758)mantido em cativeiro domiciliar: relato de caso
650 _aRÉPTIL
650 _aNEOPLASIA
650 _aDIAGNÓSTICO
650 _aTRATAMENTO
650 _aCIRURGIA
650 _aHISTOPATOLOGIA
773 0 _tMEDVEP. Revista Científica de Medicina Veterinária. Pequenos Animais e Animais de Estimação (Brazil)
_xISSN 1678-1430
_g(Jul-Sep 2013), v. 11(37) p. 114-117
_wBR2013010634
909 _a202311
_bLúcia
_c55
_dLúcia Elande
942 _2AGRIS
_n0
_cANA
999 _c234094
_d234094